| 000 | 02165nam a2200469Ii 4500 | ||
|---|---|---|---|
| 001 | DIGSCR0150 | ||
| 003 | NyNyDIG | ||
| 008 | 181109s2014 mdu ob 000 0 spa d | ||
| 006 | m o d | ||
| 007 | cr ||||||||||| | ||
| 035 | _a(OCoLC)1065049953 | ||
| 040 |
_aDGITA _beng _erda _epn _cDGITA |
||
| 020 | _z9781882528653 | ||
| 020 | _z1882528654 | ||
| 043 | _an-mx--- | ||
| 050 | 1 | 4 | _aBV2280 ebook |
| 082 | 0 | 4 | _a266.20972 |
| 100 | 1 |
_aZinni, Mariana C., _eauthor. |
|
| 245 | 1 | 0 |
_aMimesis, hermeneusis y narración en Fray Bernardino de Sahagun / _cMariana C. Zinni. |
| 264 | 1 |
_aPotomac, MD : _bScripta Humanistica, _c[2014] |
|
| 300 | _a1 online resource. | ||
| 336 |
_atext _btxt _2rdacontent |
||
| 337 |
_acomputer _bc _2rdamedia |
||
| 338 |
_aonline resource _bcr _2rdacarrier |
||
| 490 | 1 |
_aScripta Humanistica ; _v174 |
|
| 504 | _aIncludes bibliographical references. | ||
| 505 | 0 | _aEl espacio hermenéutico como lugar de negociación -- El diálogo platónico en el Nuevo Mundo, o la experiencia de una epistemologia vacilante -- Artefactos retóricos de dominación colonial : usos doctrinales de la metáfora -- Retórica de la negociación de lo sagrado : hacia una narración compartida. | |
| 588 | 0 | _aOnline resource; title from PDF title page (Digitalia, viewed November 12, 2018) | |
| 600 | 0 | 0 |
_aBernardino, _cde Sahagún, _d1499-1590 _xCriticism and interpretation. |
| 610 | 2 | 0 |
_aFranciscans _zMexico _y16th century _xPhilosophy. |
| 650 | 0 |
_aEvangelistic work _zMexico _y16th century _xHistory. |
|
| 650 | 0 |
_aAztecs _xReligious life _y16th century. |
|
| 651 | 0 |
_aMexico _xChurch history _y16th century. |
|
| 655 | 0 | _aElectronic books. | |
| 791 | 2 |
_aDigitalia (Firm), _edistributor. |
|
| 793 | 0 |
_gDigitalia eBook Collection: _aScripta Humanística. |
|
| 776 | 0 | 8 |
_iPrint version: _aZinni, Mariana C., _tMimesis, hermeneusis y narración en Fray Bernardino de Sahagun. _dPotomac, MD : Scripta Humanistica, 2014 _z9781882528653 _w(OCoLC)891124647 |
| 830 | 0 |
_aScripta Humanistica (Series) ; _v174. |
|
| 856 | 4 | 0 |
_3Digitalia Hispánica _uhttps://www.digitaliapublishing.com/a/41692/ |
| 910 | _aPremium collection: 2018 | ||
| 942 | _cRAA | ||
| 999 |
_c246704 _d246704 |
||